LEADER 01349nam0-2200409---450- 001 990009762240403321 005 20130920132015.0 010 $a978-88-6310-326-7 035 $a000976224 035 $aFED01000976224 035 $a(Aleph)000976224FED01 035 $a000976224 100 $a20130920d2011----km-y0itay50------ba 101 0 $aita 102 $aIT 105 $a--------001yy 200 1 $a<> progettazione delle strade$eGuida pratica alla corretta applicazione dei Decreti Ministeriali 05/11/01 (G.U. n. 3 del 04/01/02), 22/04/04 (G.U. n. 147 del 25/06/04 e 19/04/06 (G.U. n. 170 del 24/07/06)$fMichele Agostinacchio, Donato Ciampa, Saverio Olita 205 $a2 ed. 210 $aRoma$cEPC$d2011 215 $a512 p.$cill.$d24 cm 225 1 $aTerritorio. Quaderni per la progettazione 610 0 $aStrade$aCostruzione 676 $a625.7 700 1$aAgostinacchio,$bMichele$0443230 701 1$aCiampa,$bDonato$0443631 701 1$aOlita,$bSaverio$0443232 801 0$aIT$bUNINA$gRICA$2UNIMARC 901 $aBK 912 $a990009762240403321 952 $a13 41 27$b18471$fFINBC 952 $a13 A 42 05$b18472$fFINBC 952 $a23 10 C 32$b18473$fFINAG 952 $a23 10 C 33$b18474$fFINAG 959 $aFINBC 959 $aFINAG 996 $aProgettazione delle strade$985428 997 $aUNINA LEADER 02897nam0 22003851i 450 001 SUN0016489 005 20160122103001.727 010 $a88-299-1636-6 100 $a20040524d2002 |0itac50 ba 101 $aita 102 $aIT 105 $a|||| ||||| 200 1 $aIgiene, medicina preventiva e sanità pubblica$fPaolo Marinelli ... [et al.] 210 $aPadova$cPiccin$d2002 215 $aXVI, 431 p.$cill.$d24 cm. 620 $dPadova$3SUNL000007 676 $a614.44$cIgiene. Medicina preventiva e sanità pubblica$v22 702 1$aMarinelli$b, Paolo$3SUNV012309 712 $aPiccin$3SUNV000025$4650 801 $aIT$bSOL$c20181109$gRICA 912 $aSUN0016489 950 $aUFFICIO DI BIBLIOTECA DEL DIPARTIMENTO DI SCIENZE E TECNOLOGIE AMBIENTALI BIOLOGICHE E FARMACEUTICHE$d17 PREST Oa18 $e17 DSV753 950 $aUFFICIO DI BIBLIOTECA DEL DIPARTIMENTO DI SCIENZE E TECNOLOGIE AMBIENTALI BIOLOGICHE E FARMACEUTICHE$d17 PREST Oa22 $e17 FSA1847 950 $aUFFICIO DI BIBLIOTECA DEL DIPARTIMENTO DI SCIENZE E TECNOLOGIE AMBIENTALI BIOLOGICHE E FARMACEUTICHE$d17 PREST Oa21 $e17 FSA1846 950 $aUFFICIO DI BIBLIOTECA DEL DIPARTIMENTO DI SCIENZE E TECNOLOGIE AMBIENTALI BIOLOGICHE E FARMACEUTICHE$d17 PREST Oa20 $e17 FSA1845 950 $aUFFICIO DI BIBLIOTECA DEL DIPARTIMENTO DI SCIENZE E TECNOLOGIE AMBIENTALI BIOLOGICHE E FARMACEUTICHE$d17 CONS Oa19 $e17 DSV754 950 $aUFFICIO DI BIBLIOTECA DEI DIPARTIMENTI DI AREA MEDICA$d12 CONS aule studio $e12 13472 995 $aUFFICIO DI BIBLIOTECA DEL DIPARTIMENTO DI SCIENZE E TECNOLOGIE AMBIENTALI BIOLOGICHE E FARMACEUTICHE$bIT-CE0101$gDSV$h753$kPREST Oa18$op$qa 995 $aUFFICIO DI BIBLIOTECA DEL DIPARTIMENTO DI SCIENZE E TECNOLOGIE AMBIENTALI BIOLOGICHE E FARMACEUTICHE$bIT-CE0101$gFSA$h1847$kPREST Oa22$op$qa 995 $aUFFICIO DI BIBLIOTECA DEL DIPARTIMENTO DI SCIENZE E TECNOLOGIE AMBIENTALI BIOLOGICHE E FARMACEUTICHE$bIT-CE0101$gFSA$h1846$kPREST Oa21$op$qa 995 $aUFFICIO DI BIBLIOTECA DEL DIPARTIMENTO DI SCIENZE E TECNOLOGIE AMBIENTALI BIOLOGICHE E FARMACEUTICHE$bIT-CE0101$gFSA$h1845$kPREST Oa20$op$qa 995 $aUFFICIO DI BIBLIOTECA DEL DIPARTIMENTO DI SCIENZE E TECNOLOGIE AMBIENTALI BIOLOGICHE E FARMACEUTICHE$bIT-CE0101$gDSV$h754$kCONS Oa19$oc$qa 995 $aUFFICIO DI BIBLIOTECA DEI DIPARTIMENTI DI AREA MEDICA$bIT-NA0588$h13472$kCONS aule studio$op$qa 996 $aIgiene medicina preventiva e sanità pubblica$9146450 997 $aUNICAMPANIA LEADER 03487nam 22006735 450 001 9910863181903321 005 20251230070119.0 010 $a3-030-55236-5 024 7 $a10.1007/978-3-030-55236-7 035 $a(OCoLC)1191246556 035 $a(CKB)4100000011401104 035 $a(MiAaPQ)EBC6318827 035 $a(DE-He213)978-3-030-55236-7 035 $a(PPN)250213095 035 $a(MiAaPQ)EBC29093132 035 $a(EXLCZ)994100000011401104 100 $a20200825d2020 u| 0 101 0 $aeng 135 $aurcnu|||||||| 181 $ctxt$2rdacontent 182 $cc$2rdamedia 183 $acr$2rdacarrier 200 10$aAccelerated Pavement Testing to Transport Infrastructure Innovation $eProceedings of 6th APT Conference /$fedited by Armelle Chabot, Pierre Hornych, John Harvey, Luis Guillermo Loria-Salazar 205 $a1st ed. 2020. 210 1$aCham :$cSpringer International Publishing :$cImprint: Springer,$d2020. 215 $a1 online resource (724 pages) 225 1 $aLecture Notes in Civil Engineering,$x2366-2565 ;$v96 311 08$a3-030-55235-7 330 $aThis volume gathers the latest advances, innovations, and applications in the field of accelerated pavement testing (APT), presented at the 6th International Conference on Accelerated Pavement Testing, in Nantes, France, on September 27-29, 2021. Discussing APT, which involves rapid testing of full-scale pavement constructions for structural deterioration, the book covers topics such as APT facilities, APT of asphalt concrete and sustainable/innovative materials, APT for airfield pavements, testing of maintenance and rehabilitation solutions, testing of smart and multi-functional pavements, data analysis and modeling, monitoring and non-destructive testing, and efficient means of calibrating/developing pavement design methods. Featuring peer-reviewed contributions by leading international researchers and engineers, the book is a timely and highly relevant resource for materials scientists and engineers interested in determining the performance of pavement structures during their service life (10+ years) in a few weeks or months. 410 0$aLecture Notes in Civil Engineering,$x2366-2565 ;$v96 606 $aBuilding materials 606 $aMaterials$xAnalysis 606 $aBuildings$xDesign and construction 606 $aEngineering geology 606 $aBuilding Materials 606 $aCharacterization and Analytical Technique 606 $aBuilding Construction and Design 606 $aGeoengineering 615 0$aBuilding materials. 615 0$aMaterials$xAnalysis. 615 0$aBuildings$xDesign and construction. 615 0$aEngineering geology. 615 14$aBuilding Materials. 615 24$aCharacterization and Analytical Technique. 615 24$aBuilding Construction and Design. 615 24$aGeoengineering. 676 $a625.8 676 $a628.8 702 $aChabot$b Armelle$4edt$4http://id.loc.gov/vocabulary/relators/edt 702 $aHornych$b Pierre$4edt$4http://id.loc.gov/vocabulary/relators/edt 702 $aHarvey$b John$4edt$4http://id.loc.gov/vocabulary/relators/edt 702 $aLori?a-Salazar$b Luis G.$4edt$4http://id.loc.gov/vocabulary/relators/edt 801 0$bMiAaPQ 801 1$bMiAaPQ 801 2$bMiAaPQ 906 $aBOOK 912 $a9910863181903321 996 $aAccelerated Pavement Testing to Transport Infrastructure Innovation$94167093 997 $aUNINA